Profiles of intelligence / (Record no. 523632)
[ view plain ]
| 000 -LEADER | |
|---|---|
| fixed length control field | 00851nam a2200277 a 4500 |
| 001 - CONTROL NUMBER | |
| control field | 1159653 |
| 003 - CONTROL NUMBER IDENTIFIER | |
| control field | NUST |
| 005 - DATE AND TIME OF LATEST TRANSACTION | |
| control field | 20190516080938.0 |
| 008 - FIXED-LENGTH DATA ELEMENTS--GENERAL INFORMATION | |
| fixed length control field | 960125s1995 pk a 000 0 eng |
| 010 ## - LIBRARY OF CONGRESS CONTROL NUMBER | |
| LC control number | 95930455 |
| 025 ## - OVERSEAS ACQUISITION NUMBER | |
| Overseas acquisition number | P-E-033182 |
| 038 ## - RECORD CONTENT LICENSOR | |
| Staff Name | waseem |
| 040 ## - CATALOGING SOURCE | |
| Original cataloging agency | DLC |
| Transcribing agency | DLC |
| 042 ## - AUTHENTICATION CODE | |
| Authentication code | lcode |
| 043 ## - GEOGRAPHIC AREA CODE | |
| Geographic area code | a-pk--- |
| 050 00 - LIBRARY OF CONGRESS CALL NUMBER | |
| Classification number | JQ629.A56 |
| Item number | I66 1995 |
| 082 ## - DEWEY DECIMAL CLASSIFICATION NUMBER | |
| Classification number | 327.125491 |
| Author Mark | TIR |
| 100 1# - MAIN ENTRY--PERSONAL NAME | |
| Personal name | Tirmazi, Syed A. I. |
| Fuller form of name | (Syed Ahmed Irshad) |
| 9 (RLIN) | 14391 |
| 245 10 - TITLE STATEMENT | |
| Title | Profiles of intelligence / |
| Statement of responsibility, etc. | Syed A.I. Tirmazi. |
| 260 ## - PUBLICATION, DISTRIBUTION, ETC. | |
| Place of publication, distribution, etc. | [Lahore : |
| Name of publisher, distributor, etc. | s.n.], |
| Date of publication, distribution, etc. | 1995 |
| Place of manufacture | (Lahore : |
| Manufacturer | Intikhab-e-Jadeed Press) |
| 300 ## - PHYSICAL DESCRIPTION | |
| Extent | 423 p. : |
| Other physical details | ill. ; |
| Dimensions | 22 cm. |
| 650 #0 - SUBJECT ADDED ENTRY--TOPICAL TERM | |
| Topical term or geographic name entry element | Intelligence service |
| Geographic subdivision | Pakistan. |
| 9 (RLIN) | 13031 |
| 906 ## - LOCAL DATA ELEMENT F, LDF (RLIN) | |
| a | 7 |
| b | cbc |
| c | origode |
| d | 3 |
| e | ncip |
| f | 19 |
| g | y-gencatlg |
| 942 ## - ADDED ENTRY ELEMENTS (KOHA) | |
| Source of classification or shelving scheme | |
| Koha item type | Book |
| Withdrawn status | Lost status | Source of classification or shelving scheme | Damaged status | Not for loan | Permanent Location | Current Location | Date acquired | Total Checkouts | Total Renewals | Full call number | Barcode | Date last seen | Date last checked out | Price effective from | Koha item type |
|---|---|---|---|---|---|---|---|---|---|---|---|---|---|---|---|
| Central Library (CL) | Central Library (CL) | 05/16/2019 | 1 | 1 | 327.125491 TIR | CL-E-2029 | 02/02/2025 | 10/26/2023 | 05/16/2019 | Book |
